000 003040000a22001210004500
020 _a958-677-166-0
100 1 _aRodriguez, Elsa
245 1 0 _aPimpones de Color : Regalos y fechas especiales / Elsa Rodriguez
260 _aBogotá : Zamora
300 _a78 P.
440 0 _aCol. \ Mi Jardin
001 908
999 _c48097
_d48097